000 00632nam a22002172 4500
001 000006328
005 20200929153922.0
008 910607s1937 sp 000 0 spa
010 _altf91059239
040 _aDO-SdBNP
_cDLC
_dDLC
082 _a862.3
_bM845t, 1966
100 1 _aMoreto y Cavana, Agustin,
_d1618-1669. [from old catalog]
_917642
245 0 0 _aTeatro.
250 _a2. ed.
_bEd. y notas de Narciso Alonso Cortes.
260 _aMadrid, :
_bEspasa-Calpe,
_c1937.
300 _a246 p.
650 4 _aTeatro español
_93071
650 4 _aLiteratura española
_9632
910 _aCatalogación original
049 _aBNGR
999 _c6123
_d6123